000 00799nam a22002655i 4500
001 10628
003 ES-MaACL
005 20250808231724.0
007 t|
008 920428s1995 sp ||||0| spa j
020 _a84-470-0506-2
040 _aM-BN
_bspa
_cM-BN
080 _a349.3:368.4(460)
080 _a368.4(460):349.3
100 1 _aAlonso Olea, Manuel.
_920374
245 1 0 _aInstituciones de seguridad social /
_cManuel Alonso Olea, José Luis Tortuero Plaza.
250 _a14ª ed. rev.
260 _aMadrid :
_bCivitas,
_c1995.
300 _a585 p ;
_c25 cm.
500 _aIndice.
650 4 _aDerecho de la seguridad social-
_zEspaña
_911696
700 1 _aTortuero Plaza, José Luis.
_9111089
852 _aES-MaACL
_jL-18039
_bR.124265
999 _c10628
_d10628